00892nam a2200277 i 4500001000300000003000400003005001700007008003900024015001800063020001500081040001400096041000800110080000800118080001200126245008600138250001700224260004300241300003500284500003100319655003000350650001300380700004600393710003400439700004300473856009800516bgBPK20191230141843.0991103s1999 pl a f f |000 0 pol aPB 1999/16513 a8301130105 aWA NcBPK0 apol a330 a(075.8)00aPodstawy ekonomii /cred. nauk. Roman Milewski ; aut. Anna Jabłońska [et al.]. aWyd. 2 popr. aWarszawa :bWydaw. Naukowe PWN,c1999. a682, [1] s. :bwykr. ;c24 cm. aNa s. 4 okł. ISBN wyd. 1. 4aPodręczniki akademickie 4aEkonomia1 aJabłońska, Annac(ekonomistka).eAutor2 aWydawnictwo Naukowe PWN4pbl.1 aMilewski, Romand(1940-2001)eRedakcja uhttp://koha.tu.koszalin.pl/cgi-bin/koha/opac-detail.pl?biblionumber=53323yKatalog online BPK